| 000 | 01355cam a22003734i 4500 | ||
|---|---|---|---|
| 003 | PE-LiUPU | ||
| 005 | 20250731184110.0 | ||
| 008 | 150625s r 000 0 d | ||
| 035 | _a(Sirsi) a38679 | ||
| 040 |
_aPE-LiUPU _bspa _cPE-LiUPU _erda |
||
| 082 | 0 | 4 |
_a803.08 _bG21 _221 |
| 100 | 1 |
_aGallegos, Rómulo, _d1884-1969, _eautor. |
|
| 245 | 1 | 3 |
_aLa trepadora / _cRómulo Gallegos. |
| 250 | _a2a | ||
| 264 | 1 |
_aCaracas : _bMonte Avila, _c[1976]. |
|
| 300 |
_a273 páginas ; _c16 cm. |
||
| 336 |
_atext _2rdacontent |
||
| 337 |
_aunmediated _2rdamedia |
||
| 338 |
_avolume _2rdacarrier |
||
| 504 | _aIncluye bibliografía. | ||
| 505 | 0 | _aEl hombre de presa. -De la voluntad abolida. -Victoria. | |
| 526 | _aP145 | ||
| 526 | _aP127 | ||
| 526 | _aP97 | ||
| 526 | _aP14 | ||
| 526 | _aP07 | ||
| 650 | 0 | 4 |
_aNovelas de costumbres _zVenezuela. |
| 910 |
_bjv _clchd20090713 |
||
| 942 |
_2ddc _cBOOK |
||
| 949 |
_a803.08 G21 _wDEWEY _c1 _i58022 _lCCODEBUL1 _mBUL _p3.00 _r0 _sY _tBOOK _u2015-06-25 _xBIBLIOTECA _zUNKNOWN _0COMPRA _o.STAFF. Colección General |
||
| 596 | _a1 | ||
| 999 |
_a803.08 G21 _wDEWEY _c46988 _i58022 _f2021-11-5 _g5 _lCCODEBUL1 _mBUL _p3.00 _r0 _sY _tBOOK _u2015-6-25 _xBIBLIOTECA _zUNKNOWN _0COMPRA _o.STAFF. Colección General _d46988 |
||
| 980 |
_81 _gALBERTO SANCHEZ Responsable de Automatización |
||